Combinatorial algorithms for integrated circuit layout /

Gespeichert in:
Bibliographische Detailangaben
1. Verfasser: Lengauer, Thomas (Verfasst von)
Format: Buch
Sprache:Englisch
Veröffentlicht: Chichester : John Wiley & Sons, 1990
Ausgabe:1.ed.
Schlagworte:
Tags: Tag hinzufügen
Keine Tags, Fügen Sie das erste Tag hinzu!

MARC

LEADER 00000nam a22000003a 4500
001 stu2098
005 20190206124359.0
008 920701s1990----uk------------------eng-d
020 |a 0-471-92838-0 
040 |a STU  |b slo 
041 0 |a eng 
044 |a uk 
080 |a 621.382.049.77.001.63 
080 |a 681.32 
080 |a 519.71  |7 stu_us_auth*stu8254 
100 1 |a Lengauer, Thomas  |4 aut 
245 1 |a Combinatorial algorithms for integrated circuit layout /  |c [aut.] Lengauer,Thomas 
250 |a 1.ed. 
260 |a Chichester :  |b John Wiley & Sons,  |c 1990 
300 |a 697 s 
650 7 |a integrované obvody  |2 stusub 
650 7 |a navrhovanie integrovaných obvodov  |2 stusub 
650 7 |a algoritmy  |2 stusub 
996 |b E76648  |c E*76648  |l EE03  |s P  |a 0  |w stu2098_0001